000
00393nam a22001577a 4500
003
MPLRDC
005
20220104142947.0
008
210129b ||||| |||| 00| 0 eng d
082
_a
229.1 CBD
100
_a
陈柏达居士
245
_a
佛陀的人格与教育
_c
260
_a
_b
普门法苑
_c
300
_b
平
650
_a
佛教传记--释迦牟尼; 佛传
942
_c
BK
_o
229.1 CBD
999
_c
35277
_d
35267